[Event "Take 5 2026.02"]
[Site "Montreal CAN"]
[Date "2026.02.15"]
[Round "5.2"]
[White "Sambuev, Bator"]
[Black "Turcotte, Jonathan"]
[Result "1-0"]
[WhiteElo "2543"]
[BlackElo "1995"]
[WhiteFideId "-1"]
[BlackFideId "-1"]
[PlyCount "89"]
[GameId "2281092406907434"]
[EventDate "2026.02.13"]
[EventType "swiss"]
[EventRounds "5"]
[EventCountry "CAN"]

1. d4 Nf6 2. c4 e6 3. Nc3 d5 4. cxd5 exd5 5. Bg5 Be7 6. e3 c6 7. Bd3 h6 8. Bh4 O-O 9. h3 Re8 10. Nge2 Ne4 11. Bxe7 Qxe7 12. Bxe4 dxe4 13. Ng3 f5 14. O-O Be6 15. f3 Qg5 16. Qe1 Bc4 17. f4 Qg6 18. Nge2 Nd7 19. Qh4 Nf6 20. Rf2 Bxe2 21. Rxe2 Rad8 22. Kh2 h5 23. Rc1 Rd6 24. b4 Nd5 25. Nxd5 Rxd5 26. a4 a6 27. Rec2 Qf7 28. Rc5 Red8 29. b5 axb5 30. axb5 cxb5 31. Rxb5 R8d7 32. Rc8+ Kh7 33. Rb2 Ra5 34. Rbc2 Ra6 35. R2c5 Rh6 36. Qg5 Rf6 37. Re5 Qg6 38. Kg3 Rdf7 39. Ree8 Qxg5+ 40. fxg5 Rd6 41. Kf4 Kg6 42. d5 Rfd7 43. Re6+ Rxe6 44. dxe6 Re7 45. Ke5 1-0

[Event "Take 5 2026.02"]
[Site "Montreal CAN"]
[Date "2026.02.15"]
[Round "5.3"]
[White "Fiset, Anais Chloe"]
[Black "Duval, Mathieu"]
[Result "1/2-1/2"]
[WhiteElo "1904"]
[BlackElo "1899"]
[WhiteFideId "-1"]
[BlackFideId "-1"]
[PlyCount "65"]
[GameId "2281092406907435"]
[EventDate "2026.02.13"]
[EventType "swiss"]
[EventRounds "5"]
[EventCountry "CAN"]

1. c4 Nf6 2. Nc3 e6 3. e4 d5 4. cxd5 exd5 5. e5 d4 6. exf6 dxc3 7. fxg7 cxd2+ 8. Bxd2 Bxg7 9. Bc4 Qe7+ 10. Ne2 O-O 11. O-O c6 12. Ng3 b5 13. Bb3 Qh4 14. Qc1 h6 15. Bc3 Qg5 16. Qe1 Nd7 17. Ne4 Qg6 18. Bc2 Re8 19. Bxg7 Qxg7 20. Qd2 Nf6 21. Nxf6+ Qxf6 22. Rae1 Rxe1 23. Rxe1 Be6 24. Re3 Rd8 25. Qe2 Kh8 26. Bd3 Rg8 27. Rg3 Rxg3 28. hxg3 Qd4 29. a3 a5 30. Bb1 Qc4 31. Bd3 Qd4 32. Bb1 Qc4 33. Bd3 1/2-1/2

[Event "Take 5 2026.02"]
[Site "Montreal CAN"]
[Date "2026.02.15"]
[Round "5.4"]
[White "Sun, Jonathan"]
[Black "Kolodner, Garry"]
[Result "0-1"]
[WhiteElo "1961"]
[BlackElo "1680"]
[WhiteFideId "-1"]
[BlackFideId "-1"]
[PlyCount "130"]
[GameId "2281092406907436"]
[EventDate "2026.02.13"]
[EventType "swiss"]
[EventRounds "5"]
[EventCountry "CAN"]

1. e4 c6 2. d4 d5 3. exd5 cxd5 4. c4 e6 5. Nc3 Nc6 6. Nf3 Nf6 7. Bg5 Bb4 8. c5 Qa5 9. Bd2 Ne4 10. Qc2 Nxd2 11. Qxd2 O-O 12. Be2 e5 13. Nxe5 Nxe5 14. dxe5 Qxc5 15. O-O Be6 16. Rfd1 Bxc3 17. bxc3 Rac8 18. Rac1 Rc7 19. Bf3 Rd7 20. Qd4 Rc8 21. h4 h6 22. a4 Qa5 23. Qb4 Qc5 24. Rd4 Qxb4 25. Rxb4 b6 26. Rd4 Rc5 27. g3 Kf8 28. Kf1 Rdc7 29. Ke2 Rxc3 30. Rxc3 Rxc3 31. Bxd5 Rc5 32. Bxe6 Rxe5+ 33. Kd3 Rxe6 34. Rd8+ Ke7 35. Ra8 Rd6+ 36. Ke4 Rd7 37. Ke5 Rc7 38. Kd4 h5 39. f3 g6 40. g4 Kd6 41. Rd8+ Ke6 42. gxh5 gxh5 43. Rd5 Rd7 44. Rxd7 Kxd7 45. Ke5 Kc6 46. Kf6 a6 47. f4 b5 48. axb5+ axb5 49. f5 b4 50. Kxf7 b3 51. Kg8 b2 52. f6 b1=Q 53. f7 Qg1+ 54. Kh7 Qf2 55. Kg7 Qd4+ 56. Kg8 Qd5 57. Kg7 Qe5+ 58. Kg8 Qe6 59. Kg7 Qe5+ 60. Kg8 Qg3+ 61. Kh7 Qf4 62. Kg7 Kd6 63. f8=Q+ Qxf8+ 64. Kxf8 Ke6 65. Kg7 Kf5 0-1

[Event "Take 5 2026.02"]
[Site "Montreal CAN"]
[Date "2026.02.15"]
[Round "5.5"]
[White "Longpre, Martin"]
[Black "Kiryakov, Marin"]
[Result "0-1"]
[WhiteElo "1594"]
[BlackElo "1824"]
[WhiteFideId "-1"]
[BlackFideId "-1"]
[PlyCount "80"]
[GameId "2281092406907437"]
[EventDate "2026.02.13"]
[EventType "swiss"]
[EventRounds "5"]
[EventCountry "CAN"]

1. e4 c5 2. d4 cxd4 3. Qxd4 Nc6 4. Qd3 Nf6 5. Nc3 g6 6. Nd5 Bg7 7. c3 O-O 8. Nf3 d6 9. Be2 Rb8 10. O-O b5 11. Nxf6+ Bxf6 12. Rb1 b4 13. Bd2 Be6 14. b3 d5 15. exd5 Bf5 16. Qe3 Bxb1 17. dxc6 Bxa2 18. cxb4 Qc7 19. Rc1 Rfd8 20. Bc4 Rd6 21. Ne5 Bxe5 22. Qxe5 Rxc6 23. Qxc7 Rxc7 24. Bxf7+ Kxf7 25. Rxc7 Rd8 26. Rc2 Bxb3 27. Rb2 Bc4 28. f3 Ke6 29. Kf2 Kf5 30. Be3 a6 31. Rc2 Bb5 32. Rc7 Kf6 33. Bc5 Rd2+ 34. Kg3 Re2 35. Bd4+ e5 36. Bc5 h6 37. Kh3 g5 38. g4 Ra2 39. Bf8 Bf1+ 40. Kg3 Rg2+ 0-1

[Event "Take 5 2026.02"]
[Site "Montreal CAN"]
[Date "2026.02.15"]
[Round "5.6"]
[White "Goldner, John"]
[Black "Ivanov Yuan, Maksim"]
[Result "0-1"]
[WhiteElo "1568"]
[BlackElo "1704"]
[WhiteFideId "-1"]
[BlackFideId "-1"]
[PlyCount "120"]
[GameId "2281092406907438"]
[EventDate "2026.02.13"]
[EventType "swiss"]
[EventRounds "5"]
[EventCountry "CAN"]

1. e4 e5 2. Nf3 Nc6 3. Bb5 a6 4. Ba4 Nf6 5. d3 b5 6. Bb3 Bc5 7. c3 d6 8. O-O O-O 9. Re1 h6 10. Nbd2 Re8 11. a4 Rb8 12. axb5 axb5 13. Nf1 Bb6 14. Bc2 Ne7 15. Be3 c6 16. d4 Ng6 17. dxe5 Nxe5 18. Nxe5 dxe5 19. Qxd8 Rxd8 20. Bxb6 Rxb6 21. Ra8 Ra6 22. Rxa6 Bxa6 23. Ra1 Bb7 24. Ra7 Rd7 25. f3 Kf8 26. Kf2 Rc7 27. Nd2 Ke7 28. Nb3 Kd6 29. Na5 Bc8 30. Rxc7 Kxc7 31. b4 Be6 32. Bb3 Bxb3 33. Nxb3 Nd7 34. Ke3 Kd6 35. Kd3 g6 36. g3 f5 37. Ke3 c5 38. bxc5+ Nxc5 39. Nxc5 Kxc5 40. Kd3 fxe4+ 41. fxe4 h5 42. h4 b4 43. Kc2 Kc4 44. cxb4 Kxb4 45. Kd3 Kb3 46. Ke3 Kc3 47. Kf3 Kd3 48. g4 Kd4 49. gxh5 gxh5 50. Kg3 Kxe4 51. Kf2 Kd3 52. Kg3 Ke3 53. Kg2 e4 54. Kg3 Kd2 55. Kf4 e3 56. Kg5 e2 57. Kxh5 e1=Q 58. Kg5 Qe7+ 59. Kg4 Qh7 60. Kg5 Ke3 0-1

[Event "Take 5 2026.02"]
[Site "Montreal CAN"]
[Date "2026.02.15"]
[Round "5.7"]
[White "Coquilla, Konner-Virgo"]
[Black "Bozkurt, Berk"]
[Result "1-0"]
[WhiteElo "1296"]
[BlackElo "1351"]
[WhiteFideId "-1"]
[BlackFideId "-1"]
[PlyCount "61"]
[GameId "2281092406907439"]
[EventDate "2026.02.13"]
[EventType "swiss"]
[EventRounds "5"]
[EventCountry "CAN"]

1. d4 Nf6 2. c4 c5 3. d5 b5 4. cxb5 a6 5. b6 d6 6. Nc3 Nbd7 7. e4 g6 8. f4 Qxb6 9. Nf3 e5 10. fxe5 dxe5 11. Be2 Bb7 12. h3 Rc8 13. O-O c4+ 14. Kh1 Bd6 15. Bh6 Nh5 16. Kh2 f5 17. Ng5 f4 18. Bxh5 Nf6 19. Bg4 Rc7 20. Ne6 Rf7 21. Qa4+ Nd7 22. Qxc4 a5 23. Nb5 Ba6 24. Nbc7+ Bxc7 25. Nxc7+ Ke7 26. Nxa6 Ra8 27. Bxd7 Rxa6 28. Qc6 Qxb2 29. Qxa6 f3 30. Qe6+ Kd8 31. Bg5+ 1-0

[Event "Take 5 2026.02"]
[Site "Montreal CAN"]
[Date "2026.02.15"]
[Round "5.8"]
[White "Gamache, Lucien"]
[Black "Bertrand, Brice"]
[Result "1-0"]
[WhiteElo "1628"]
[BlackElo "1393"]
[WhiteFideId "-1"]
[BlackFideId "-1"]
[PlyCount "57"]
[GameId "2281092406907440"]
[EventDate "2026.02.13"]
[EventType "swiss"]
[EventRounds "5"]
[EventCountry "CAN"]

1. e4 e5 2. Nf3 Nf6 3. Nxe5 d6 4. Nf3 Nxe4 5. Nc3 Nxc3 6. dxc3 Be7 7. Be3 Nd7 8. Qd2 Nf6 9. O-O-O O-O 10. Bd3 Re8 11. h3 c5 12. c4 Be6 13. g4 d5 14. Ng5 a6 15. Nxe6 fxe6 16. g5 Ne4 17. Bxe4 dxe4 18. Qe2 Qa5 19. Kb1 Qa4 20. b3 Qc6 21. h4 b5 22. Rhe1 bxc4 23. Qxc4 Reb8 24. Bd2 Rb6 25. Rxe4 Rd8 26. Rde1 Rd6 27. Ba5 Qb5 28. Bxb6 Rxb6 29. Qxb5 1-0

[Event "Take 5 2026.02"]
[Site "Montreal CAN"]
[Date "2026.02.15"]
[Round "5.9"]
[White "Nguyen, Marc"]
[Black "Robillard, Guillaume"]
[Result "0-1"]
[WhiteElo "1511"]
[BlackElo "1701"]
[WhiteFideId "-1"]
[BlackFideId "-1"]
[PlyCount "108"]
[GameId "2281092406907441"]
[EventDate "2026.02.13"]
[EventType "swiss"]
[EventRounds "5"]
[EventCountry "CAN"]

1. e4 c5 2. Nf3 d6 3. d4 cxd4 4. Nxd4 Nf6 5. Nc3 a6 6. h3 h5 7. b3 b5 8. Bb2 Bb7 9. f3 Nbd7 10. Qd2 g6 11. O-O-O Rc8 12. Kb1 Bh6 13. Qe1 e5 14. Ndxb5 axb5 15. Nxb5 O-O 16. Nxd6 Qc7 17. Nxc8 Rxc8 18. c4 Nc5 19. Qc3 Bf4 20. Be2 Ne6 21. Bc1 Bg3 22. Be3 h4 23. Rd2 Nf4 24. Bxf4 Bxf4 25. Rb2 Bg3 26. Rd1 Bf2 27. Rbd2 Bc6 28. Bf1 Bxe4+ 29. fxe4 Nxe4 30. Qf3 Nxd2+ 31. Rxd2 Bd4 32. g3 Qa5 33. Rd1 Ra8 34. Qg2 hxg3 35. Qd2 Bc3 36. Qc2 e4 37. Rd5 Qa3 38. Bg2 f5 39. c5 Qb4 40. Bf1 Kg7 41. c6 Rc8 42. Rd7+ Kf6 43. c7 Qc5 44. Bc4 Qg1+ 45. Rd1 Qe3 46. Rd6+ Kg5 47. Bf7 Rxc7 48. Rxg6+ Kf4 49. Bc4 Qe1+ 50. Qc1+ Qxc1+ 51. Kxc1 Kf3 52. Rd6 g2 53. Rd1 Kf2 54. Kc2 Be1 0-1

[Event "Take 5 2026.02 U1600"]
[Site "Montreal CAN"]
[Date "2026.02.13"]
[Round "1.11"]
[White "Sychev, Danila"]
[Black "Massicotte, Samuel"]
[Result "1-0"]
[WhiteElo "1544"]
[BlackElo "1183"]
[WhiteFideId "-1"]
[BlackFideId "-1"]
[PlyCount "41"]
[GameId "2281092406907442"]
[EventDate "2026.02.13"]
[EventType "swiss"]
[EventRounds "5"]
[EventCountry "CAN"]

1. d4 g6 2. e4 Bg7 3. Nf3 d6 4. c4 Nd7 5. Nc3 b6 6. Be3 Bb7 7. Be2 Rc8 8. O-O e5 9. dxe5 Nxe5 10. Nxe5 Bxe5 11. Bd4 Nf6 12. Bxe5 dxe5 13. Qa4+ Qd7 14. Qxa7 Qc6 15. Qa3 Nd7 16. Nd5 Nc5 17. Bg4 Ra8 18. Qf3 Nd7 19. Bxd7+ Kxd7 20. Qxf7+ Kd6 21. Qe7# 1-0

[Event "Take 5 2026.02 U1600"]
[Site "Montreal CAN"]
[Date "2026.02.13"]
[Round "1.12"]
[White "Dupras Lindsay, Liam"]
[Black "Gauthier, Luc"]
[Result "0-1"]
[WhiteElo "1064"]
[BlackElo "1527"]
[WhiteFideId "-1"]
[BlackFideId "-1"]
[PlyCount "68"]
[GameId "2281092406907443"]
[EventDate "2026.02.13"]
[EventType "swiss"]
[EventRounds "5"]
[EventCountry "CAN"]

1. e4 Nf6 2. e5 Nd5 3. c4 Nb6 4. d4 d6 5. c5 dxc5 6. dxc5 Qxd1+ 7. Kxd1 Nd5 8. a3 a5 9. Bc4 e6 10. Bxd5 exd5 11. Nc3 c6 12. Be3 Nd7 13. Na4 Nxe5 14. Nb6 Rb8 15. Nxc8 Rxc8 16. Nf3 Nxf3 17. gxf3 Rd8 18. Re1 Be7 19. Bg5 f6 20. Bf4 Kf7 21. b4 axb4 22. axb4 Ra8 23. Rxa8 Rxa8 24. Re3 g5 25. Bd6 Re8 26. Ra3 Bxd6 27. cxd6 Ke6 28. Re3+ Kd7 29. Rxe8 Kxe8 30. Kd2 Kd7 31. Kd3 Kxd6 32. Kd4 b6 33. h3 c5+ 34. bxc5+ bxc5+ 0-1

[Event "Take 5 2026.02 U1600"]
[Site "Montreal CAN"]
[Date "2026.02.13"]
[Round "1.13"]
[White "Rebhi, Mohamed"]
[Black "Dupras, Olivier"]
[Result "1-0"]
[WhiteElo "1316"]
[BlackElo "1086"]
[WhiteFideId "-1"]
[BlackFideId "-1"]
[PlyCount "33"]
[GameId "2281092406907444"]
[EventDate "2026.02.13"]
[EventType "swiss"]
[EventRounds "5"]
[EventCountry "CAN"]

1. d4 d5 2. Bf4 Nc6 3. Nc3 e6 4. e3 a6 5. a3 g6 6. Bd3 Nge7 7. Nf3 Bg7 8. h4 h5 9. Qe2 Nf5 10. g3 Qe7 11. O-O-O Bh6 12. Bxh6 Rxh6 13. e4 Ng7 14. Rhe1 Qf6 15. exd5 Nxd4 16. Nxd4 Qxd4 17. Bb5+ 1-0

[Event "Take 5 2026.02 U1600"]
[Site "Montreal CAN"]
[Date "2026.02.13"]
[Round "1.14"]
[White "Bradley, Dave"]
[Black "Landou, Nafissa"]
[Result "0-1"]
[WhiteElo "964"]
[BlackElo "1297"]
[WhiteFideId "-1"]
[BlackFideId "-1"]
[PlyCount "70"]
[GameId "2281092406907445"]
[EventDate "2026.02.13"]
[EventType "swiss"]
[EventRounds "5"]
[EventCountry "CAN"]

1. d4 d5 2. Nc3 Nf6 3. Bf4 Bf5 4. e3 Nc6 5. Nb5 Rc8 6. c3 a6 7. Nxc7+ Rxc7 8. Bxc7 Qxc7 9. Qa4 e6 10. f3 Bd6 11. g4 Bg6 12. Qd1 h6 13. Bd3 Bxd3 14. Qxd3 Bxh2 15. Ne2 Bg3+ 16. Nxg3 Qxg3+ 17. Kd2 Qxf3 18. Rac1 Qg2+ 19. Qe2 Qxe2+ 20. Kxe2 Nxg4 21. Rhg1 h5 22. Rcf1 g6 23. Rf3 Na5 24. b3 Nc6 25. Rg2 Ke7 26. Kd3 Nf6 27. Rgf2 Ne4 28. Rxf7+ Ke8 29. Rf1 Nd8 30. Rg7 g5 31. c4 h4 32. cxd5 exd5 33. Rf5 h3 34. Re5+ Kf8 35. Ree7 h2 0-1

[Event "Take 5 2026.02 U1600"]
[Site "Montreal CAN"]
[Date "2026.02.14"]
[Round "2.11"]
[White "Landou, Nafissa"]
[Black "Sychev, Danila"]
[Result "0-1"]
[WhiteElo "1297"]
[BlackElo "1544"]
[WhiteFideId "-1"]
[BlackFideId "-1"]
[PlyCount "58"]
[GameId "2281092406907446"]
[EventDate "2026.02.13"]
[EventType "swiss"]
[EventRounds "5"]
[EventCountry "CAN"]

1. c4 Nf6 2. Nc3 e5 3. g3 d5 4. cxd5 Nxd5 5. Qb3 Nxc3 6. Qxc3 Bd6 7. Bg2 O-O 8. e4 Nc6 9. Nf3 Bg4 10. O-O Bxf3 11. Qxf3 Nd4 12. Qd3 Bc5 13. b3 Qf6 14. Bb2 Rad8 15. Qc4 Bb6 16. Rac1 Nf3+ 17. Bxf3 Qxf3 18. Rc3 Qg4 19. Rc2 Qg5 20. d3 h5 21. Bc1 Qg6 22. Kh1 Rd4 23. Qc3 Rfd8 24. Rd1 Qg4 25. Rcd2 Qf3+ 26. Kg1 Rxd3 27. Rxd3 Bxf2+ 28. Kf1 Be3+ 29. Ke1 Qf2# 0-1

[Event "Take 5 2026.02 U1600"]
[Site "Montreal CAN"]
[Date "2026.02.14"]
[Round "2.12"]
[White "Gauthier, Luc"]
[Black "Rebhi, Mohamed"]
[Result "1/2-1/2"]
[WhiteElo "1527"]
[BlackElo "1316"]
[WhiteFideId "-1"]
[BlackFideId "-1"]
[PlyCount "147"]
[GameId "2281092406907447"]
[EventDate "2026.02.13"]
[EventType "swiss"]
[EventRounds "5"]
[EventCountry "CAN"]

1. e4 d5 2. exd5 Nf6 3. d4 Nxd5 4. c4 Nf6 5. Nc3 Bf5 6. Nf3 e6 7. Qb3 Qc8 8. Bf4 Bd6 9. Bxd6 cxd6 10. Be2 O-O 11. O-O Nbd7 12. h3 a6 13. Nh4 Be4 14. Nxe4 Nxe4 15. Rad1 Rb8 16. Qc2 d5 17. b3 Qd8 18. Nf3 Rc8 19. Bd3 f5 20. Ne5 Nxe5 21. Bxe4 Nxc4 22. Bxf5 exf5 23. bxc4 dxc4 24. d5 Qd6 25. Rfe1 Rf6 26. Qc3 b5 27. Qd4 c3 28. Qa7 Rf7 29. Qd4 c2 30. Rc1 Re7 31. Rxe7 Qxe7 32. Qd2 Qd6 33. Rxc2 Rxc2 34. Qxc2 Qxd5 35. Qc8+ Kf7 36. Qc7+ Kf6 37. Qb6+ Qe6 38. Qa5 Qc6 39. Qd8+ Kg6 40. Qa5 h6 41. Qd2 Qb6 42. Qd7 a5 43. Qe8+ Kh7 44. Qd7 Qc5 45. h4 a4 46. h5 a3 47. Qe8 Qc1+ 48. Kh2 Qf4+ 49. Kg1 Qc4 50. Qg6+ Kh8 51. Qe8+ Qg8 52. Qxb5 Qxa2 53. Qxf5 Qb3 54. Qf8+ Kh7 55. Qf5+ Kg8 56. Qc8+ Kf7 57. Qf5+ Ke8 58. Qc8+ Ke7 59. Qc7+ Kf6 60. Qd8+ Ke5 61. Qe7+ Kf5 62. Qf8+ Ke4 63. Qe7+ Kd3 64. Qe3+ Kc2 65. Qe4+ Kb2 66. Qd4+ Qc3 67. Qb6+ Kc1 68. Qa6 Qb2 69. Qc4+ Kb1 70. Qe4+ Ka1 71. Kh2 a2 72. Qe1+ Qb1 73. Qc3+ Qb2 74. Qe1+ 1/2-1/2

[Event "Take 5 2026.02 U1600"]
[Site "Montreal CAN"]
[Date "2026.02.14"]
[Round "2.13"]
[White "Massicotte, Samuel"]
[Black "Dupras Lindsay, Liam"]
[Result "0-1"]
[WhiteElo "1183"]
[BlackElo "1064"]
[WhiteFideId "-1"]
[BlackFideId "-1"]
[PlyCount "84"]
[GameId "2281092406907448"]
[EventDate "2026.02.13"]
[EventType "swiss"]
[EventRounds "5"]
[EventCountry "CAN"]

1. b3 d5 2. Bb2 Nf6 3. e3 g6 4. Nf3 Bg7 5. c4 O-O 6. Be2 Bf5 7. O-O e6 8. Nc3 Ne4 9. Qc1 dxc4 10. Bxc4 Nc5 11. Ne1 Nd3 12. Nxd3 Bxd3 13. Bxd3 Qxd3 14. Rd1 Nc6 15. Qb1 Nb4 16. Ba3 Qxb1 17. Raxb1 a5 18. d4 Rfd8 19. Rb2 c5 20. Rbd2 h6 21. Ne4 cxd4 22. exd4 Nc6 23. d5 exd5 24. Rxd5 Rxd5 25. Rxd5 Re8 26. f3 f5 27. Nd6 Re2 28. Nxb7 Rxa2 29. Nxa5 Rxa3 30. Nxc6 Rxb3 31. Ne7+ Kf7 32. Rd7 Ke6 33. Rc7 Kd6 34. Rc4 Kxe7 35. Rc7+ Kf6 36. Rc6+ Kg5 37. h4+ Kxh4 38. Rxg6 Bd4+ 39. Kh2 Be5+ 40. Kg1 h5 41. Kf2 Bg3+ 42. Rxg3 Rb2+ 0-1

[Event "Take 5 2026.02 U1600"]
[Site "Montreal CAN"]
[Date "2026.02.14"]
[Round "2.14"]
[White "Dupras, Olivier"]
[Black "Bradley, Dave"]
[Result "1-0"]
[WhiteElo "1086"]
[BlackElo "964"]
[WhiteFideId "-1"]
[BlackFideId "-1"]
[PlyCount "91"]
[GameId "2281092406907449"]
[EventDate "2026.02.13"]
[EventType "swiss"]
[EventRounds "5"]
[EventCountry "CAN"]

1. e4 d6 2. d4 Nf6 3. Nc3 g6 4. Bf4 Bg7 5. Nf3 O-O 6. Qd2 e5 7. dxe5 dxe5 8. Bg5 Qxd2+ 9. Nxd2 c6 10. O-O-O Be6 11. Bc4 Ng4 12. Bh4 b5 13. Be2 Nd7 14. Bxg4 Bxg4 15. f3 Be6 16. a3 a5 17. Be7 Rfe8 18. Bd6 Bf8 19. Nb3 a4 20. Na1 Nc5 21. Bxf8 Kxf8 22. Rd6 Rec8 23. Ne2 Nb7 24. Rd2 Rd8 25. Rhd1 Rxd2 26. Rxd2 c5 27. Nc3 b4 28. Nd5 Bxd5 29. Rxd5 bxa3 30. bxa3 Ke7 31. Rxe5+ Kd6 32. Rd5+ Ke6 33. Kd2 Rd8 34. c4 Rxd5+ 35. cxd5+ Ke5 36. Kd3 f6 37. Kc4 Nd6+ 38. Kxc5 Nb7+ 39. Kc6 Na5+ 40. Kb5 Nb7 41. Kxa4 Nc5+ 42. Kb5 Nb7 43. Nb3 Nd6+ 44. Kc6 Nc4 45. a4 Nd6 46. f4+ 1-0

[Event "Take 5 2026.02 U1600"]
[Site "Montreal CAN"]
[Date "2026.02.14"]
[Round "3.11"]
[White "Sychev, Danila"]
[Black "Gauthier, Luc"]
[Result "1-0"]
[WhiteElo "1544"]
[BlackElo "1527"]
[WhiteFideId "-1"]
[BlackFideId "-1"]
[PlyCount "53"]
[GameId "2281092406907450"]
[EventDate "2026.02.13"]
[EventType "swiss"]
[EventRounds "5"]
[EventCountry "CAN"]

1. e4 Nf6 2. Nc3 d5 3. exd5 Nxd5 4. Bc4 c6 5. d4 Bf5 6. Qf3 e6 7. Nxd5 cxd5 8. Bd3 Bxd3 9. Qxd3 Nc6 10. Nf3 Bd6 11. O-O Qc7 12. c3 O-O 13. Ng5 g6 14. Qh3 h5 15. g4 Kg7 16. gxh5 Rh8 17. h6+ Kg8 18. h7+ Kg7 19. Kh1 Bf4 20. Bxf4 Qxf4 21. Rg1 Qf5 22. Qg3 Rac8 23. Rae1 Rce8 24. Re3 Re7 25. Rf3 Qc2 26. Qf4 Qf5 27. Qd2 1-0

[Event "Take 5 2026.02 U1600"]
[Site "Montreal CAN"]
[Date "2026.02.14"]
[Round "3.12"]
[White "Rebhi, Mohamed"]
[Black "Landou, Nafissa"]
[Result "1-0"]
[WhiteElo "1316"]
[BlackElo "1297"]
[WhiteFideId "-1"]
[BlackFideId "-1"]
[PlyCount "87"]
[GameId "2281092406907451"]
[EventDate "2026.02.13"]
[EventType "swiss"]
[EventRounds "5"]
[EventCountry "CAN"]

1. Nf3 d5 2. c4 d4 3. d3 Nc6 4. g3 e5 5. Bg2 Nf6 6. Bg5 Be7 7. O-O O-O 8. a3 Be6 9. b4 h6 10. Bd2 e4 11. Ne1 Qd7 12. b5 Ne5 13. Bf4 Qd6 14. Nd2 Rab8 15. Nxe4 Nxe4 16. Bxe4 Bh3 17. Ng2 Rfe8 18. Qc1 b6 19. Rd1 Qf6 20. Bxe5 Qxe5 21. Qf4 Qc5 22. Bd5 Bf6 23. Qf3 Re7 24. Re1 Re5 25. Nf4 Bd7 26. Ra2 Rf5 27. g4 Rg5 28. h3 Qd6 29. e4 Be5 30. Nh5 Qg6 31. Kh1 Rd8 32. Qg2 Kh7 33. f3 f5 34. f4 Rxh5 35. gxh5 Qxg2+ 36. Kxg2 Bxf4 37. exf5 Rf8 38. Be4 Kg8 39. Kf3 Bd6 40. h4 Kh7 41. Rg2 Be5 42. Rg6 Bxf5 43. Bxf5 Rxf5+ 44. Kg4 {illisible} 1-0

[Event "Take 5 2026.02 U1600"]
[Site "Montreal CAN"]
[Date "2026.02.14"]
[Round "3.13"]
[White "Dupras Lindsay, Liam"]
[Black "Dupras, Olivier"]
[Result "0-1"]
[WhiteElo "1064"]
[BlackElo "1086"]
[WhiteFideId "-1"]
[BlackFideId "-1"]
[PlyCount "36"]
[GameId "2281092406907452"]
[EventDate "2026.02.13"]
[EventType "swiss"]
[EventRounds "5"]
[EventCountry "CAN"]

1. e4 c6 2. d4 d5 3. Nc3 dxe4 4. Nxe4 Bf5 5. Ng5 Nf6 6. N1f3 e6 7. Ne5 Bg6 8. Nxg6 hxg6 9. Bc4 Be7 10. c3 Nd5 11. Qg4 Nd7 12. Bd2 f5 13. Qg3 Bxg5 14. Bxg5 Qb6 15. Qd6 c5 16. dxc5 Nxc5 17. Qe5 Kf7 18. Bxd5 Nd3+ 0-1

[Event "Take 5 2026.02 U1600"]
[Site "Montreal CAN"]
[Date "2026.02.14"]
[Round "3.14"]
[White "Bradley, Dave"]
[Black "Massicotte, Samuel"]
[Result "0-1"]
[WhiteElo "964"]
[BlackElo "1183"]
[WhiteFideId "-1"]
[BlackFideId "-1"]
[PlyCount "62"]
[GameId "2281092406907453"]
[EventDate "2026.02.13"]
[EventType "swiss"]
[EventRounds "5"]
[EventCountry "CAN"]

1. d4 Nf6 2. Nc3 d5 3. Bf4 Bf5 4. e3 e6 5. f3 Bd6 6. g4 Nxg4 7. fxg4 Qh4+ 8. Kd2 Bxg4 9. Be2 Bxf4 10. exf4 Bxe2 11. Ngxe2 O-O 12. Qe1 Qf6 13. Nb5 Qe7 14. a3 a6 15. Nbc3 Nc6 16. Qf2 f6 17. h4 e5 18. f5 Rad8 19. Rae1 Qd7 20. Kc1 Ne7 21. Ng3 exd4 22. Qxd4 Nc6 23. Qxd5+ Qxd5 24. Nxd5 Rxd5 25. Rd1 Rfd8 26. Rxd5 Rxd5 27. c4 Rc5 28. b3 Kf7 29. Ne4 Rxf5 30. Ng3 Rf3 31. Ne2 Rxb3 0-1

[Event "Take 5 2026.02 U1600"]
[Site "Montreal CAN"]
[Date "2026.02.15"]
[Round "4.11"]
[White "Rebhi, Mohamed"]
[Black "Sychev, Danila"]
[Result "0-1"]
[WhiteElo "1316"]
[BlackElo "1544"]
[WhiteFideId "-1"]
[BlackFideId "-1"]
[PlyCount "96"]
[GameId "2281092406907454"]
[EventDate "2026.02.13"]
[EventType "swiss"]
[EventRounds "5"]
[EventCountry "CAN"]

1. Nf3 c5 2. c4 Nf6 3. Nc3 d5 4. cxd5 Nxd5 5. Qc2 Nc6 6. e4 Ndb4 7. Qb1 Nd4 8. Nxd4 cxd4 9. a3 dxc3 10. axb4 cxd2+ 11. Bxd2 e5 12. Bc3 Qb6 13. Ra5 Bxb4 14. Rxe5+ Kf8 15. Qc2 Bxc3+ 16. Qxc3 Be6 17. Qc5+ Qxc5 18. Rxc5 Rc8 19. Rxc8+ Bxc8 20. Bc4 Ke7 21. Ke2 Rd8 22. Rd1 Rxd1 23. Kxd1 Be6 24. Bxe6 Kxe6 25. f4 Kd6 26. Kd2 Kc5 27. Kc3 a5 28. b3 b5 29. g4 a4 30. b4+ Kd6 31. Kd4 g6 32. g5 Ke6 33. h4 f6 34. Kc3 fxg5 35. hxg5 Kf7 36. Kd4 Kg7 37. Kc3 h5 38. gxh6+ Kxh6 39. e5 Kg7 40. Kd4 Kf7 41. Kc3 Ke7 42. Kd4 Ke6 43. Kc3 g5 44. fxg5 Kxe5 45. g6 Kf6 46. Kd4 Kxg6 47. Kc5 a3 48. Kxb5 a2 0-1

[Event "Take 5 2026.02 U1600"]
[Site "Montreal CAN"]
[Date "2026.02.15"]
[Round "4.12"]
[White "Dupras, Olivier"]
[Black "Gauthier, Luc"]
[Result "0-1"]
[WhiteElo "1086"]
[BlackElo "1527"]
[WhiteFideId "-1"]
[BlackFideId "-1"]
[PlyCount "64"]
[GameId "2281092406907455"]
[EventDate "2026.02.13"]
[EventType "swiss"]
[EventRounds "5"]
[EventCountry "CAN"]

1. e4 Nf6 2. e5 Nd5 3. Bc4 Nb6 4. Bb3 c5 5. d3 d6 6. exd6 exd6 7. Nf3 Be7 8. Nc3 O-O 9. O-O Bg4 10. Re1 Nc6 11. Nd5 Nxd5 12. Bxd5 Qd7 13. Bd2 Bf6 14. Bc3 Bxc3 15. bxc3 Ne7 16. c4 Rae8 17. Be4 Nc6 18. a4 Ne5 19. Re3 Bxf3 20. Bxf3 Ng6 21. Qd2 Rxe3 22. fxe3 b6 23. a5 Ne5 24. Bd5 b5 25. Rb1 bxc4 26. Rb7 Qa4 27. Rxa7 Qa1+ 28. Kf2 Ng4+ 29. Kg3 Nxh2 30. Bxf7+ Rxf7 31. Rxf7 Qe5+ 32. Rf4 Nf1+ 0-1

[Event "Take 5 2026.02 U1600"]
[Site "Montreal CAN"]
[Date "2026.02.15"]
[Round "4.13"]
[White "Landou, Nafissa"]
[Black "Massicotte, Samuel"]
[Result "1/2-1/2"]
[WhiteElo "1297"]
[BlackElo "1183"]
[WhiteFideId "-1"]
[BlackFideId "-1"]
[PlyCount "147"]
[GameId "2281092406907456"]
[EventDate "2026.02.13"]
[EventType "swiss"]
[EventRounds "5"]
[EventCountry "CAN"]

1. c4 Nf6 2. Nc3 g6 3. g3 d6 4. Bg2 Nc6 5. e3 Bg7 6. d4 Bg4 7. f3 Bd7 8. Nge2 O-O 9. O-O Re8 10. d5 Ne5 11. b3 Qc8 12. f4 Neg4 13. h3 Nh6 14. g4 Nhxg4 15. hxg4 Bxg4 16. Bb2 Bh3 17. Nc1 Bxg2 18. Kxg2 Ne4 19. Nxe4 Bxb2 20. Rb1 Bg7 21. Rh1 Qf5 22. Qf3 e6 23. Ne2 exd5 24. N4g3 Qe6 25. cxd5 Qxe3 26. Qxe3 Rxe3 27. Rbc1 Rc8 28. Rhd1 h5 29. Kf2 Ree8 30. Ng1 Bf8 31. Nf3 c6 32. f5 Kg7 33. Rc4 cxd5 34. Rxc8 Rxc8 35. Rxd5 Rc2+ 36. Rd2 Rxd2+ 37. Nxd2 Kf6 38. fxg6 fxg6 39. Kg2 d5 40. Kf3 Ke5 41. Ne2 Bh6 42. Nf1 d4 43. a4 a6 44. Nfg3 d3 45. Nc3 Kd4 46. Nge4 Bd2 47. Nd1 Bb4 48. Kf4 h4 49. Nef2 Be7 50. Kg4 d2 51. Kh3 Ke5 52. Kg4 Bc5 53. Nd3+ Kd4 54. Nf4 Be7 55. Nxg6 Kd3 56. Nxe7 Kc2 57. Ne3+ Kxb3 58. a5 Kb4 59. N7d5+ Kxa5 60. Nc4+ Kb5 61. Nxd2 a5 62. Kxh4 a4 63. Nc3+ Kb4 64. Nxa4 Kxa4 65. Kg3 Kb4 66. Kf2 Kc3 67. Ke2 b5 68. Kd1 b4 69. Kc1 Kd3 70. Kd1 Kc3 71. Kc1 Kd4 72. Kb2 Kc5 73. Kb3 Kb5 74. Nf1 1/2-1/2